000 00526nam a22001937a 4500
003 OSt
005 20160629175122.0
008 160629b xxu||||| |||| 00| 0 eng d
020 _a0521676029
040 _cDNLM.
082 _aQV81D687a 2006.
100 _aDolenska ,Sylva;
_99753
245 _aBasic science for Anaesthetists.
260 _aUK,
_bCambridge University Press.
_c2006.
300 _axxiii,199p;
_bill;
_c24cm.
504 _aincludes references and index.
650 _aPharmacology.
_9357
942 _2z
_cO_SHELF
999 _c4547
_d4547